| 000 | 00907nam a22003017a 4500 | ||
|---|---|---|---|
| 003 | CHAP | ||
| 005 | 20220329141135.0 | ||
| 008 | 971010s1961 r 00010 d | ||
| 010 | _a63263 | ||
| 011 | _a64235 | ||
| 035 | _a69500 | ||
| 040 | _cCHAP | ||
| 082 | 0 | 4 |
_a541 _bG53y |
| 100 | 0 | 0 |
_aGlasstone, Samuel. _948259 |
| 245 | 1 | _aTratado de química física | |
| 250 | _a4 ed. | ||
| 260 |
_aMadrid : _bAguilar, _c1961 |
||
| 300 |
_a1180 p. _b: ilus. |
||
| 590 |
_aBATCH-UPD _b10 _c20130110 _lUCH01 _h2008 |
||
| 590 |
_aBATCH-UPD _b10 _c20130410 _lUCH01 _h1328 |
||
| 590 |
_aBATCH-UPD _b10 _c20130914 _lUCH01 _h1411 |
||
| 590 |
_aCONVERSION _b10 _c20130109 _lUCH01 _h1334 |
||
| 650 | 1 | 4 |
_aFisicoquímica. _941125 |
| 901 | _aBK | ||
| 942 | _cLIBRO | ||
| 949 |
_a541 G53Y _bBC _cLIBRO _d-45248 _eLIBRO _fc.2 _h34501 _i69500 _si _t142.00 |
||
| 949 |
_a541 G53Y _bBC _cLIBRO _d33724002064248 _eLIBRO _h26397 _i69500 _si _t142.00 |
||
| 999 |
_c63263 _d63263 |
||